Optimización de la operación del motor de inducción como generador
שמור ב:
| מחבר ראשי: | |
|---|---|
| פורמט: | ספר |
| יצא לאור: |
[San José, Costa Rica]
2007
|
| נושאים: | |
| תגים: |
הוספת תג
אין תגיות, היה/י הראשונ/ה לתייג את הרשומה!
|
MARC
| LEADER | 00000nam a2200000Ia 4500 | ||
|---|---|---|---|
| 003 | 009976 | ||
| 005 | 20221231144106.0 | ||
| 008 | 140114s2007 cr a 000 ||s d | ||
| 040 | |c cru CEDI | ||
| 090 | |a TFG 5505 | ||
| 100 | |a Naranjo Arias, Jenner |9 2919 | ||
| 245 | |a Optimización de la operación del motor de inducción como generador | ||
| 260 | |c 2007 |b [San José, Costa Rica] | ||
| 300 | |a xi, 71 hojas; ilustraciones | ||
| 500 | |a Proyecto de graduación (bachillerato en ingeniería eléctrica)--Universidad de Costa Rica. Facultad de Ingeniería. Escuela de Ingeniería Eléctrica | ||
| 650 | |x MOTORES ELECTRICOS DE INDUCCION |x DINAMOS |9 4726 | ||
| 942 | |c TFG | ||
| 999 | |c 16754 |d 16754 | ||
